Student accommodation provides opportunities (Record no. 72810)

MARC details
000 -LEADER
fixed length control field 00991cam a2200217 4500
001 - CONTROL NUMBER
control field WB3921-09
008 - FIXED-LENGTH DATA ELEMENTS--GENERAL INFORMATION
fixed length control field 030603n2003 000 0 eng u
035 ## - SYSTEM CONTROL NUMBER
System control number (Sirsi) u122507
245 ## - TITLE STATEMENT
Title Student accommodation provides opportunities
260 ## - PUBLICATION, DISTRIBUTION, ETC.
Date of publication, distribution, etc. 2003
490 ## - SERIES STATEMENT
Series statement FPDSavills News Release
Volume/sequential designation 28 May 2003 (1)
520 ## - SUMMARY, ETC.
Summary, etc. A new report by FPDSavills has highlighted the opportunities for private sector developers and investors, as student numbers rise and the university sector is increasingly unable to provide enough student accommodation. The report suggests developers focus on specific areas of demand such as overseas, final year or postgraduate students. For more information contact Richard Donnell t +44 (0)20 7409 8865. http://www.fpdsavills.co.uk/news.asp.
590 ## - LOCAL NOTE (RLIN)
Local note WB
650 ## - SUBJECT ADDED ENTRY--TOPICAL TERM
Topical term or geographic name entry element STUDENT ACCOMMODATION
650 ## - SUBJECT ADDED ENTRY--TOPICAL TERM
Topical term or geographic name entry element DEVELOPERS
650 ## - SUBJECT ADDED ENTRY--TOPICAL TERM
Topical term or geographic name entry element INVESTORS
650 ## - SUBJECT ADDED ENTRY--TOPICAL TERM
Topical term or geographic name entry element UNIVERSITY ACCOMMODATION
650 ## - SUBJECT ADDED ENTRY--TOPICAL TERM
Topical term or geographic name entry element HALLS OF RESIDENCE
690 ## - LOCAL SUBJECT ADDED ENTRY--TOPICAL TERM (OCLC, RLIN)
Topical term or geographic name as entry element HOUSING
942 ## - ADDED ENTRY ELEMENTS (KOHA)
Suppress in OPAC 0
Holdings
Withdrawn status Lost status Source of classification or shelving scheme Damaged status Not for loan Home library Current library Shelving location Date acquired Total Checkouts Full call number Barcode Date last seen Copy number Price effective from Koha item type
    Dewey Decimal Classification     London London News article 03/06/2003   WB3921-09 122507-1001 06/08/2019 1 06/08/2019 News article